Missing Word: Films About Time Travel Quiz Stats

 Plays Quiz Updated Oct 13, 2018

Score 0/24 Timer 04:00
0 Plays Today
Title Missing Word % Correct
Planet of the ____Apes
99.8%
____ to the FutureBack
98.8%
Groundhog ____Day
98.4%
____ TrekStar
97.2%
____ in Black 3Men
92.9%
____ 2: Judgment DayTerminator
90.1%
Hot ____ Time MachineTub
89.5%
13 ____ on 30Going
89.5%
Harry Potter and the ____ of AzkabanPrisoner
87.9%
The Time Traveler's ____Wife
87.4%
Donnie ____Darko
86.7%
____ After ____Time
85.1%
Title Missing Word % Correct
Bill and Ted's ____ AdventureExcellent
83.3%
The ____ EffectButterfly
71.2%
12 ____Monkeys
70.9%
A ____ in TimeWrinkle
67.9%
Midnight in ____Paris
64.3%
____ of TomorrowEdge
55.8%
Source ____Code
51.5%
Army of ____Darkness
47.6%
Miss Peregrine's Home for ____ ChildrenPeculiar
45.9%
____ Not GuaranteedSafety
28.8%
____ of the NavigatorFlight
28.7%
The ____ HouseLake
23.2%

Today's Daily Dose

You're not logged in!

Compare scores with friends on all Sporcle quizzes.
OR
Log In

Sporcle TV

Today on Sporcle TV


Watch our educational content, quiz creation guides, and fun videos on Sporcle TV.

Show Comments

Extras

Top Quizzes Today


Score Distribution

Your Account Isn't Verified!

In order to create a playlist on Sporcle, you need to verify the email address you used during registration. Go to your Sporcle Settings to finish the process.

Report this User

Report this user for behavior that violates our Community Guidelines.

Details: